000 01010cam a2200313 a 4500
001 2314
005 20250915101900.0
020 _a9780060741709 (trade bdg.)
020 _a9780060741716 (lib. bdg.)
040 _aDLC
_cDLC
_dDLC
_beng
050 0 0 _aPZ7.C179
_bBig 2008
082 0 0 _a813
_222
100 1 _aCapucilli, Alyssa Satin
_d1957-
245 1 0 _aBiscuit and the little pup /
_cstory by Alyssa Satin Capucilli ; pictures by Pat Schories.
250 _aFirst Scholastic printing, January 2009
260 _aNew York :
_bScholastic,
_c2008
300 _a29 pages :
_billustrations
_c23 cm
490 0 _aMy first I can read
505 _aE
520 _aBiscuit tries to coax a little puppy to come out and play.
521 _a240
_bLexile
521 _aE
_bRaz-Plus
650 1 _aDogs
_vFiction.
650 1 _aAnimals
_xInfancy
_vFiction.
650 1 _aPlay
_vFiction.
700 1 _aSchories, Pat
_eillustrator
906 _a7
_bcbc
_corignew
_d1
_eecip
_f20
_gy-gencatlg
942 _2ddc
_cBK
_n0
999 _c2314
_d2314